000 00668nam a2200181 a 4500
001 000048445
005 20201002061147.0
008 180416s2013 dr cd 000 0 spa d
040 _aDO-SdBNP
_bspa
_cBNPHU
082 _axxx
_bR426p
110 1 _aRepública Dominicana
_bTribunal Superior Electoral
_975858
245 1 0 _aPlan estratégico institucional 2014-2018. /
_cpresentación Mariano A. Rodríguez Rijo.
260 _aSanto Domingo, :
_bTribunal Superior Electoral,
_c2013.
300 _a83 p. :
_bretrs., diag. ;
_c26 cm.
590 _aInventariado, 2018/ YL
700 1 2 _aRodríguez Rijo, Mariano A.
_epres.
_910341
710 1 _aTribunal Superior Electoral
_975859
999 _c47933
_d47933